Przyporządkuj film/serial do bohatera - Statystyki

Ogólne statystyki
  • Ten quiz został rozwiązany 155 razy
  • Średni wynik to 13 z 54
Statystyki odpowiedzi
Bohater Film/Serial % Poprawnych
Forrest Gump Forrest Gump
82%
Jerzy Kiler Kiler / Kilerów 2-óch
80%
Ron Weasley Harry Potter
77%
Tony Stark Avengers / Iron Man
65%
Dr Hannibal Lecter Milczenie owiec / Hannibal / Czerwony smok
65%
Palermo Dom z papieru
63%
Kevin McCallister Kevin sam w domu / Kevin sam w Nowym Jorku
63%
Don Vito Corleone Ojciec chrzestny
56%
Władysław Szpilman Pianista
53%
Franek Dolas Jak rozpętałem drugą wojnę światową
45%
Skyler White Breaking Bad
40%
Thomas "Tommy" Shelby Peaky Blinders
38%
Joey Tribbiani Przyjaciele / Friends
32%
Jojo Jojo Rabbit
31%
Katarzyna Solska Kogel mogel
31%
Arthur Fleck Joker / Mroczny rycerz
29%
John Coffey Zielona mila
29%
Claire Underwood House of Cards
27%
Hans Lada Bękarty wojny
25%
Michael Scott Biuro / The Office
24%
Mike Wheeler Stranger Things
24%
Jack Dawson Titanic
24%
John McClane Szklana pułapka
23%
Jack Torrance Lśnienie
22%
Zuzanna Pevensie Opowieści z Narni
19%
Pi Patel Życie Pi
19%
Patrick Bateman American Psycho
18%
Robert Langdon Anioły i demony / Kod da Vinci / Inferno
18%
Haymitch Abernathy Igrzyska śmierci / The Hunter Games
14%
Rust Cohle Detektyw
13%
Jerzy Górski Najlepszy
13%
Arnie Grape Co gryzie Gilberta Grape'a
12%
Jonas Kahnwald Dark
12%
Stanley Ipkiss Maska
12%
Travis Bickle Taksówkarz
12%
Calvin Candie Django
11%
Viktor Navorski Terminal
10%
Bruce Nolan Bruce Wszechmogący
9%
Anton Chigurh To nie jest kraj dla starych ludzi
9%
Randle Patrick McMurphy Lot nad kukułczym gniazdem
8%
Steve Murphy Narcos
8%
Cindy Campbell Straszny film
6%
Detektyw James Carter Godziny szczytu
4%
Jamal K. Malik Slumdog. Milioner z ulicy
4%
Daniel Morales Taxi
4%
Robert Cumiński Vinci
4%
Terence Fletcher Whiplash
4%
Louis Bloom Wolny strzelec
3%
Zygmunt Bączyk z Sulęcic Nie lubię poniedziałku
2%
Mickey Knox Urodzeni mordercy
2%
Bingham "Bing" Madsen Czarne lustro / Black mirror
1%
Detektyw Del Spooner Ja, robot
1%
Alan Garner Kac Vegas
1%
Ron Woodroof Witaj w klubie
1%
Nie znaleziono quizów pasujących do podanych kryteriów
Rozkład punktacji
Procent ludzi z każdym wynikiem
Percentyl według liczby udzielonych odpowiedzi
Twoja historia wyników
Nie rozwiązałeś tego quizu